30 countries with the highest population density - Statistics

General Stats
  • This quiz has been taken 136 times
    69 since last reset
  • The average score is 16 of 30
Answer Stats
Rank Country % Correct
1 Monaco
85%
7 Bangladesh
84%
18 India
82%
26 Japan
80%
2 Singapore
77%
15 South Korea
75%
14 San Marino
74%
4 Vatican
74%
3 Bahrain
62%
17 Netherlands
59%
9 Taiwan
59%
22 Israel
54%
23 Belgium
51%
25 Philippines
49%
29 Vietnam
49%
21 Haiti
46%
12 Lebanon
46%
6 Malta
46%
27 Sri Lanka
44%
5 Maldives
43%
13 Nauru
43%
10 Barbados
39%
20 Burundi
39%
16 Rwanda
39%
24 Tuvalu
36%
11 Mauritius
34%
19 Comoros
31%
30 El Salvador
30%
28 Grenada
28%
8 Micronesia
20%
No matching quizzes found
Score Distribution
Percent of People with Each Score
Percentile by Number Answered
Your Score History
You have not taken this quiz since the last reset